|
|
|
|
| LEADER |
00855nam a22002537a 4500 |
| 001 |
AAL914 |
| 003 |
BD-DhAAL |
| 005 |
20151228214153.0 |
| 008 |
151228s 1996ii ||||| |||| 001 0 eng d |
| 020 |
|
|
|a 8170247330
|
| 040 |
|
|
|a BD-DhAAL
|c BD-DhAAL
|
| 082 |
|
|
|a 379.54
|
| 100 |
|
|
|a Rao, N. P.
|9 17020
|
| 245 |
|
|
|a Education and human resource management /
|c N. P. Rao
|
| 260 |
|
|
|a New Delhi :
|b APH Publishing Group,
|c 1996.
|
| 300 |
|
|
|a x, 263 p. ;
|c 22 cm.
|
| 500 |
|
|
|a Includes index.
|
| 541 |
|
|
|e 914
|
| 650 |
|
|
|a Educational change
|z India.
|9 17021
|
| 650 |
|
|
|a Education
|z India.
|9 17022
|
| 650 |
|
|
|a Vocational education
|z India.
|9 17023
|
| 942 |
|
|
|2 ddc
|c BK
|
| 999 |
|
|
|c 36461
|d 36461
|
| 952 |
|
|
|0 0
|1 0
|2 ddc
|4 0
|6 379_540000000000000_RAO
|7 0
|9 57406
|a SCL
|b SCL
|c GEN
|d 2015-12-28
|g 400.00
|l 1
|o 379.54 RAO
|p 3020000914
|r 2017-11-23
|s 2017-11-08
|t 1
|w 2015-12-28
|y BK
|